[Event "52nd World Juniors 2013"]
[Site "Kocaeli TUR"]
[Date "2013.09.25"]
[Round "12.54"]
[White "Heinechen, John"]
[Black "Zor, Alber Kadir"]
[Result "0-1"]
[WhiteElo "1901"]
[BlackElo "1948"]
[WhiteFideId "3700976"]
[BlackFideId "6353169"]
[EventDate "2013.09.13"]

1. e4 c6 2. d4 d5 3. e5 Bf5 4. h4 h5 5. Bd3 Bxd3 6. Qxd3 e6 7. Nf3 Qa5+ 8. Nc3
Qa6 9. Qd1 c5 10. a4 Nc6 11. Nb5 Rc8 12. c4 dxc4 13. O-O cxd4 14. Nfxd4 Nxd4 15.
Qxd4 Bc5 16. Qd1 Ne7 17. Bg5 Nd5 18. Qf3 Qc6 19. Rfd1 a6 20. Nd4 Bxd4 21. Rxd4
c3 22. bxc3 Qxc3 23. Qd1 O-O 24. Rb1 b6 25. Rb3 Qc2 26. Qf3 Rc3 27. Rxc3 Qxc3
28. Qxc3 Nxc3 29. Rd6 Nd5 30. Rc6 a5 31. Kf1 Rb8 32. Bd2 Kf8 33. Ke2 Ke7 34. f4
g6 35. Kf3 Kd7 36. Rd6+ Kc7 37. g4 Rd8 38. Bxa5 bxa5 39. Ra6 Rb8 40. gxh5 gxh5
41. Rxa5 Rb3+ 42. Ke4 Rb4+ 43. Kd3 Rxf4 44. Rc5+ Kb6 45. Rb5+ Ka6 46. Rb8 Rxa4
47. Ra8+ Kb5 48. Rb8+ Kc6 49. Rf8 Rf4 50. Ke2 Rf5 51. Kd3 Nf4+ 52. Ke4 Ng6 53.
Rc8+ Kd7 54. Ra8 0-1

[Event "52nd World Juniors 2013"]
[Site "Kocaeli TUR"]
[Date "2013.09.25"]
[Round "12.55"]
[White "Abdrashev, Arlen"]
[Black "Mesic, Vehid"]
[Result "0-1"]
[WhiteElo "1745"]
[BlackElo "1576"]
[WhiteFideId "13710257"]
[BlackFideId "14404320"]
[EventDate "2013.09.13"]

1. e4 e5 2. Nf3 Nc6 3. Bb5 a6 4. Bxc6 dxc6 5. O-O Bg4 6. h3 h5 7. d3 Qf6 8. Be3
Bxf3 9. Qxf3 Qxf3 10. gxf3 O-O-O 11. f4 exf4 12. Bxf4 Ne7 13. Nd2 c5 14. Nc4 Nc6
15. Ne5 Nxe5 16. Bxe5 Bd6 17. Bg3 h4 18. Bh2 Bxh2+ 19. Kxh2 c4 20. Rfd1 cxd3 21.
cxd3 Rd4 22. Rac1 Rhd8 23. Rc3 Rxe4 24. Rc2 Red4 0-1

[Event "52nd World Juniors 2013"]
[Site "Kocaeli TUR"]
[Date "2013.09.25"]
[Round "12.56"]
[White "Garcia Herrera, Enrique Ric"]
[Black "Topac, Ahmet Eren"]
[Result "1-0"]
[WhiteTitle "CM"]
[WhiteElo "1653"]
[BlackElo "1800"]
[WhiteFideId "5115124"]
[BlackFideId "6311873"]
[EventDate "2013.09.13"]

1. Nf3 Nf6 2. c4 d5 3. g3 g6 4. Bg2 Bg7 5. O-O O-O 6. cxd5 Nxd5 7. Nc3 Nb6 8. d3
Nc6 9. Be3 Re8 10. Qc2 e5 11. Rac1 Nb4 12. Qb1 a5 13. Rfd1 a4 14. Bd2 Nc6 15.
Nb5 h5 16. Bg5 Qd7 17. Nc3 a3 18. b3 Kh7 19. Ne4 f5 20. Nf6+ Bxf6 21. Bxf6 Qd6
22. Bg5 Nd8 23. Be3 Ne6 24. d4 e4 25. Ng5+ Nxg5 26. Bxg5 Nd5 27. Qc2 Ra6 28. Qc5
Re6 29. Qxd6 Rexd6 30. Rc4 Bd7 31. e3 Bb5 32. Rc5 Bd3 33. Bf1 Nb4 34. Rxc7+ Kg8
35. Be7 Nxa2 36. Bxd6 Rxd6 37. Ra1 1-0

[Event "52nd World Juniors 2013"]
[Site "Kocaeli TUR"]
[Date "2013.09.25"]
[Round "12.57"]
[White "Uraz, Abdullah Kerim"]
[Black "Atay, Sergen"]
[Result "0-1"]
[WhiteElo "1602"]
[BlackElo "1713"]
[WhiteFideId "2044846"]
[BlackFideId "6309143"]
[EventDate "2013.09.13"]

1. e4 e5 2. Nf3 Nc6 3. Bb5 a6 4. Bxc6 dxc6 5. O-O Bg4 6. h3 h5 7. d3 Qf6 8. Nbd2
Ne7 9. Re1 Ng6 10. d4 Nf4 11. hxg4 hxg4 12. Nh2 Nxg2 13. Kxg2 Rxh2+ 14. Kxh2
Qxf2+ 15. Kh1 g3 16. Qh5 g2+ 17. Kh2 g1=Q+ 18. Kh3 Qgg3# 0-1

[Event "52nd World Juniors 2013"]
[Site "Kocaeli TUR"]
[Date "2013.09.26"]
[Round "13.1"]
[White "Yu, Yangyi"]
[Black "Vidit, Santosh Gujrathi"]
[Result "1/2-1/2"]
[WhiteTitle "GM"]
[BlackTitle "GM"]
[WhiteElo "2662"]
[BlackElo "2565"]
[WhiteFideId "8603820"]
[BlackFideId "5029465"]
[EventDate "2013.09.13"]

1. e4 c6 2. d4 d5 3. Nd2 dxe4 4. Nxe4 Bf5 5. Ng3 Bg6 6. Nf3 Nd7 7. Bd3 Bxd3 8.
Qxd3 Ngf6 9. Ne4 Nxe4 10. Qxe4 Nf6 11. Qe2 e6 12. O-O Be7 13. Bg5 O-O 14. c3 Nd5
15. Bxe7 Qxe7 16. Ne5 Nf4 17. Qe3 Nd5 18. Qe2 Nf4 19. Qe3 Nd5 20. Qe2 1/2-1/2

[Event "52nd World Juniors 2013"]
[Site "Kocaeli TUR"]
[Date "2013.09.26"]
[Round "13.2"]
[White "Ipatov, Alexander"]
[Black "Indjic, Aleksandar"]
[Result "1-0"]
[WhiteTitle "GM"]
[BlackTitle "IM"]
[WhiteElo "2601"]
[BlackElo "2549"]
[WhiteFideId "14116731"]
[BlackFideId "911925"]
[EventDate "2013.09.13"]

1. d4 Nf6 2. c4 c5 3. d5 e6 4. Nc3 exd5 5. cxd5 d6 6. e4 g6 7. Bd3 Bg7 8. h3 a6
9. a4 Nbd7 10. Nf3 Nh5 11. O-O Ne5 12. Nxe5 Bxe5 13. f4 Bd4+ 14. Kh2 Qh4 15. Qe1
Qxe1 16. Rxe1 Bd7 17. g4 Nf6 18. Be3 O-O-O 19. Bxd4 cxd4 20. Ne2 Rde8 21. Nxd4
Re7 22. Ne2 Kb8 23. Nc3 Rhe8 24. Re2 Bc8 25. e5 dxe5 26. d6 Re6 27. Bc4 exf4 28.
Bxe6 Bxe6 29. g5 Nh5 30. Rd1 Rd8 31. Ne4 Ng7 32. Nc5 a5 33. Re5 b6 34. Nxe6 Nxe6
35. Rb5 Kb7 36. b4 axb4 37. a5 Ka6 38. Rxb6+ Kxa5 39. Rb7 Ka4 40. Rb1 Rxd6 41.
R7xb4+ Ka3 42. Rb8 Ka2 43. R1b7 Ra6 44. h4 Nd4 45. Rxf7 Nf3+ 46. Kh3 Ra3 47.
Rfb7 Ne5+ 48. Kg2 Rg3+ 49. Kf2 Rf3+ 50. Ke2 Re3+ 51. Kd1 Nc4 52. Rb4 Rc3 53.
Ra4+ Na3 54. Rxf4 Nc4 55. Rf2+ Ka3 56. Rf7 1-0

[Event "52nd World Juniors 2013"]
[Site "Kocaeli TUR"]
[Date "2013.09.26"]
[Round "13.3"]
[White "Cori, Jorge"]
[Black "Sethuraman, S.P."]
[Result "1-0"]
[WhiteTitle "GM"]
[BlackTitle "GM"]
[WhiteElo "2587"]
[BlackElo "2553"]
[WhiteFideId "3802272"]
[BlackFideId "5021596"]
[EventDate "2013.09.13"]

1. d4 Nf6 2. Nf3 g6 3. c4 Bg7 4. Nc3 O-O 5. g3 d5 6. cxd5 Nxd5 7. Bg2 Nc6 8. O-O
Bf5 9. e3 Nxc3 10. bxc3 Be4 11. Nd2 Bxg2 12. Kxg2 Na5 13. Ba3 b6 14. Bb4 Nc6 15.
Ba3 Na5 16. Bb4 Qd7 17. Bxa5 Qd5+ 18. Qf3 Qxa5 19. Qc6 Rad8 20. a4 h5 21. Rfb1
Qf5 22. Qxc7 e5 23. Qxa7 Qc2 24. Nf3 Qe4 25. Rxb6 exd4 26. cxd4 Rd5 27. Qb7 Rfd8
28. h4 Kh7 29. Rb5 R8d7 30. Qc8 R5d6 31. Qc4 Rf6 32. Qe2 Rxd4 33. Re5 Rd2 34.
Rxe4 Rxe2 35. Rd1 Ra2 36. Rd2 Ra1 37. Ng5+ 1-0

[Event "52nd World Juniors 2013"]
[Site "Kocaeli TUR"]
[Date "2013.09.26"]
[Round "13.5"]
[White "Ynojosa, Felix Jose"]
[Black "Ter-Sahakyan, Samvel"]
[Result "1/2-1/2"]
[WhiteTitle "IM"]
[BlackTitle "GM"]
[WhiteElo "2439"]
[BlackElo "2575"]
[WhiteFideId "3900258"]
[BlackFideId "13302531"]
[EventDate "2013.09.13"]

1. e4 c5 2. c3 Nf6 3. e5 Nd5 4. d4 cxd4 5. cxd4 d6 6. Nf3 Nc6 7. Bc4 Nb6 8. Bb5
d5 9. Be3 Bf5 10. Nbd2 e6 11. Rc1 Rc8 12. O-O Be7 13. Qe2 O-O 14. a3 Qd7 15. Nb3
Rc7 16. Na5 Qc8 17. Nxc6 bxc6 18. Ba6 Qb8 19. Nd2 Nd7 20. b4 Qb6 21. Nb3 Nb8 22.
Bd3 Bxd3 23. Qxd3 Qa6 24. Qxa6 Nxa6 25. Rc3 Rb8 26. Rfc1 Rb6 27. g3 Kf8 28. Na5
Nb8 29. h4 h6 30. h5 Ke8 31. Bd2 Rc8 32. g4 Kd7 33. f4 f6 34. exf6 Bxf6 35. Be3
Rf8 36. Rf1 Na6 37. Rfc1 Nb8 38. R3c2 Be7 39. Rg2 Na6 40. Rgc2 Nb8 41. Rg2 Na6
42. Rgc2 Nb8 43. Rg2 Na6 1/2-1/2

[Event "52nd World Juniors 2013"]
[Site "Kocaeli TUR"]
[Date "2013.09.26"]
[Round "13.6"]
[White "Debashis, Das"]
[Black "Dimitrov, Radoslav"]
[Result "1/2-1/2"]
[WhiteTitle "IM"]
[BlackTitle "IM"]
[WhiteElo "2489"]
[BlackElo "2437"]
[WhiteFideId "5024854"]
[BlackFideId "2908549"]
[EventDate "2013.09.13"]

1. d4 Nf6 2. c4 e6 3. Nc3 Bb4 4. e3 b6 5. Bd3 Bb7 6. Nf3 O-O 7. O-O d5 8. cxd5
exd5 9. a3 Bd6 10. b4 Ne4 11. Qb3 Nxc3 12. Qxc3 Qe7 13. Qc2 g6 14. Re1 Nd7 15.
Bb2 Rfe8 16. b5 a6 17. a4 axb5 18. axb5 Qf8 19. Ne5 Bxe5 20. dxe5 Nc5 21. Bf1
Rxa1 22. Rxa1 Ra8 23. Rc1 Ra2 24. Qc3 Ne6 25. Qb3 Qa8 26. Bd4 Qa5 27. Bc3 Qa4
28. Qxa4 Rxa4 29. Ra1 Rxa1 30. Bxa1 Bc8 31. f4 Bd7 32. Kf2 h5 33. Ke1 g5 34. g3
g4 35. Kd2 Nc5 36. Bd4 Ne4+ 37. Kc2 Kh7 38. Bd3 Kh6 39. Bxe4 dxe4 40. e6 fxe6
41. Be5 1/2-1/2

[Event "52nd World Juniors 2013"]
[Site "Kocaeli TUR"]
[Date "2013.09.26"]
[Round "13.7"]
[White "Nasanjargal, Urtnasan"]
[Black "Vakhidov, Jahongir"]
[Result "0-1"]
[WhiteTitle "FM"]
[BlackTitle "IM"]
[WhiteElo "2323"]
[BlackElo "2385"]
[WhiteFideId "4900774"]
[BlackFideId "14201801"]
[EventDate "2013.09.13"]

1. d4 Nf6 2. c4 c5 3. d5 e5 4. Nc3 d6 5. e4 Nbd7 6. Bd3 Be7 7. Nge2 Nf8 8. f3 h5
9. Be3 h4 10. Qd2 N6h7 11. O-O-O a6 12. g3 Nf6 13. Bg5 Nxd5 14. Bxe7 Nxe7 15.
Bc2 Rh6 16. gxh4 Be6 17. Ba4+ Bd7 18. Bxd7+ Qxd7 19. Rhg1 Nfg6 20. Qxd6 Qxd6 21.
Rxd6 Rxh4 22. Rg2 Rc8 23. Rb6 Rc7 24. Nd5 Nxd5 25. cxd5 Kf8 26. Kd2 Rd7 27. Kc3
Ne7 28. a4 Nc8 29. Rb3 Nd6 30. Rb6 f5 31. Rg6 Nc8 32. Rbe6 fxe4 33. fxe4 Rxe4
34. Ng3 Rxa4 35. d6 Rh4 36. Nf5 Rh3+ 37. Kc4 Rxh2 38. b3 Rh5 39. Ng3 Rh2 40.
Kxc5 Rc2+ 41. Kd5 Rc3 42. b4 Nxd6 43. Rxd6 Rd3+ 44. Kxe5 R7xd6 45. Rxd6 Rxg3 46.
Kf5 Rf3+ 47. Kg6 Rg3+ 48. Kf5 Rc3 49. Rd7 Rf3+ 50. Ke5 Re3+ 51. Kf5 Re7 52. Rd6
Rc7 53. Rb6 Ke7 54. Ke5 Kd8 55. Kd5 Rd7+ 56. Kc5 Ke7 57. Rg6 Kf7 58. Rg1 g6 59.
Kb6 Kf6 60. Rf1+ Ke5 61. Kc5 Rc7+ 62. Kb6 Rg7 63. Kc5 g5 64. Re1+ Kf4 65. Kd4
Rd7+ 66. Kc5 g4 67. Re8 Rg7 68. Kd4 g3 69. Rf8+ Kg4 70. Ke3 Re7+ 71. Kd4 Rh7 72.
Rg8+ Kh3 73. Ke3 Kh2 74. Kf3 Rf7+ 75. Ke2 g2 76. Rh8+ Kg1 77. Rh6 Rf4 78. Rb6
Rh4 0-1

[Event "52nd World Juniors 2013"]
[Site "Kocaeli TUR"]
[Date "2013.09.26"]
[Round "13.8"]
[White "Salem, A.R. Saleh"]
[Black "Grover, Sahaj"]
[Result "1-0"]
[WhiteTitle "GM"]
[BlackTitle "GM"]
[WhiteElo "2570"]
[BlackElo "2479"]
[WhiteFideId "9301348"]
[BlackFideId "5021103"]
[EventDate "2013.09.13"]

1. e4 e6 2. d4 d5 3. Nc3 Nf6 4. e5 Nfd7 5. f4 c5 6. Nf3 Nc6 7. Be3 cxd4 8. Nxd4
Bc5 9. Qd2 O-O 10. O-O-O a6 11. Nb3 Bxe3 12. Qxe3 b5 13. g4 f6 14. Bg2 Bb7 15.
exf6 Qxf6 16. f5 Nce5 17. fxe6 Nc4 18. Qg3 Ndb6 19. g5 Qxe6 20. Rhe1 Qf7 21. Nc5
d4 22. Bxb7 dxc3 23. b3 Rab8 24. Qxc3 Qf2 25. Qd4 Na3 26. Qxf2 Rxf2 27. Rd2 Rf5
28. Re6 Rf1+ 29. Rd1 Rf2 30. Be4 b4 31. Nxa6 Rc8 32. Nxb4 Nbc4 33. Bd5 Kf8 34.
Bxc4 1-0

[Event "52nd World Juniors 2013"]
[Site "Kocaeli TUR"]
[Date "2013.09.26"]
[Round "13.9"]
[White "Firat, Burak"]
[Black "Kovalev, Vladislav"]
[Result "0-1"]
[WhiteTitle "IM"]
[BlackTitle "IM"]
[WhiteElo "2423"]
[BlackElo "2568"]
[WhiteFideId "6305881"]
[BlackFideId "13504398"]
[EventDate "2013.09.13"]

1. e4 e5 2. Nf3 Nc6 3. Nc3 Nf6 4. Bb5 Nd4 5. Nxd4 exd4 6. e5 dxc3 7. exf6 Qxf6
8. bxc3 c6 9. Be2 d5 10. O-O Bd6 11. Rb1 O-O 12. d4 b5 13. Bd3 Qh4 14. f4 Re8
15. Qd2 a5 16. g3 Qh6 17. Qd1 f5 18. Qf3 a4 19. Bd2 Bd7 20. Rfe1 Qg6 21. h3
Rxe1+ 22. Rxe1 Re8 23. Rxe8+ Qxe8 24. Qe3 Qxe3+ 25. Bxe3 Ba3 26. Kf2 Bb2 27. Bd2
Kf7 28. Kf3 h5 29. Ke3 g6 30. Be2 Ke7 31. Kd3 Kd6 32. Be3 Be6 33. Kd2 Kc7 34.
Kd3 Kb6 35. Bd2 Bc8 36. Ke3 Bd7 37. Bd3 Be6 38. Bf1 Bc8 39. Be2 Ka6 40. Bf1 Be6
41. Be2 c5 42. Kd3 c4+ 43. Ke3 Kb6 44. Bf1 Bd7 45. Be1 Bc8 46. Be2 Be6 47. Bf1
Bd7 48. Be2 a3 49. Bf1 b4 50. cxb4 Ba4 51. Bg2 Bxc2 52. Bxd5 Bb3 53. b5 Kxb5 0-1

[Event "52nd World Juniors 2013"]
[Site "Kocaeli TUR"]
[Date "2013.09.26"]
[Round "13.10"]
[White "Wang, Yiye"]
[Black "Stukopin, Andrey"]
[Result "1-0"]
[BlackTitle "IM"]
[WhiteElo "2258"]
[BlackElo "2522"]
[WhiteFideId "8606021"]
[BlackFideId "24107131"]
[EventDate "2013.09.13"]

1. e4 c5 2. Nf3 e6 3. c3 Nf6 4. e5 Nd5 5. d4 cxd4 6. cxd4 b6 7. Bc4 Bb7 8. O-O
Na6 9. Bxd5 Bxd5 10. Nc3 Nc7 11. Ng5 f5 12. Nh3 Bb7 13. d5 Qh4 14. d6 Na6 15.
Be3 g6 16. Bg5 Qb4 17. Bf6 Rg8 18. Ng5 Bg7 19. Bxg7 Rxg7 20. Qe2 Rc8 21. Rac1
Rc5 22. f4 h6 23. Nh3 Nb8 24. Rfd1 Kf8 25. Rd2 Nc6 26. Rcd1 Qc4 27. Qf3 Nd8 28.
Qg3 Rc8 29. Qh4 g5 30. Nxg5 Kg8 31. Qh5 Nc6 32. Nh3 Nd4 33. Kh1 Qc6 34. Rg1 b5
35. a3 a5 36. Qxh6 Nf3 37. Nd5 Qxd5 38. Rxd5 Bxd5 39. Ng5 Nxg1 40. Kxg1 Rc1+ 41.
Kf2 Rc2+ 42. Ke3 b4 43. axb4 axb4 44. g4 fxg4 45. Nh7 Rxh7 46. Qg6+ Rg7 47. Qxc2
b3 48. Qc8+ Kh7 49. Qd8 Bc6 50. Kd4 Bf3 51. f5 g3 52. hxg3 1-0

[Event "52nd World Juniors 2013"]
[Site "Kocaeli TUR"]
[Date "2013.09.26"]
[Round "13.11"]
[White "Ali Marandi, Cemil Can"]
[Black "Kanarek, Marcel"]
[Result "1-0"]
[WhiteTitle "IM"]
[BlackTitle "IM"]
[WhiteElo "2403"]
[BlackElo "2483"]
[WhiteFideId "6300529"]
[BlackFideId "1126822"]
[EventDate "2013.09.13"]

1. e4 e5 2. Nf3 Nc6 3. Bb5 a6 4. Ba4 d6 5. O-O Bd7 6. d4 Nxd4 7. Bxd7+ Qxd7 8.
Nxd4 exd4 9. Qxd4 Ne7 10. Nc3 Nc6 11. Qd3 O-O-O 12. Nd5 Kb8 13. b4 Ne5 14. Qd4
Qc6 15. Be3 b6 16. f3 Qc4 17. Qd2 g6 18. a4 Bg7 19. Ra3 Nd7 20. Bf2 Kb7 21. Rb1
f5 22. a5 b5 23. Ne3 Qe6 24. c4 c6 25. cxb5 axb5 26. Nc2 fxe4 27. Qe3 Ra8 28.
a6+ Kc7 29. fxe4 Rhe8 30. Re1 Bb2 31. Rb3 Bf6 32. a7 Kb7 33. Rd3 Bd8 34. Qd2 Bc7
35. Nd4 Qe7 36. Nxc6 Qf7 37. Rd5 Kxc6 38. Rc1+ Kb7 39. Qc2 Ne5 40. Rxe5 Qc4 41.
Rxb5+ 1-0

[Event "52nd World Juniors 2013"]
[Site "Kocaeli TUR"]
[Date "2013.09.26"]
[Round "13.12"]
[White "Eliseev, Urii"]
[Black "Meribanov, Vitaly"]
[Result "1-0"]
[WhiteTitle "IM"]
[BlackTitle "FM"]
[WhiteElo "2550"]
[BlackElo "2433"]
[WhiteFideId "24131920"]
[BlackFideId "13504363"]
[EventDate "2013.09.13"]

1. e4 e5 2. Nf3 Nc6 3. Bc4 Bc5 4. O-O Nf6 5. d3 O-O 6. h3 h6 7. Nbd2 d6 8. c3 a6
9. Bb3 Ba7 10. Re1 Ne7 11. Nf1 Ng6 12. Ng3 Re8 13. Be3 Bxe3 14. fxe3 Be6 15. Bc2
Nh7 16. Rf1 Nh4 17. Nxh4 Qxh4 18. Nf5 Qd8 19. Bb3 Nf8 20. h4 Kh7 21. Qh5 Ng6 22.
Rf2 Rg8 23. g4 Bxb3 24. axb3 f6 25. Rg2 Ne7 26. g5 Nxf5 27. exf5 Qe8 28. Qf3 c6
29. Kf2 Qd7 30. Rag1 fxg5 31. hxg5 Raf8 32. e4 d5 33. gxh6 gxh6 34. Qh5 Rxg2+
35. Rxg2 Rf6 36. Rg6 Rxg6 37. Qxg6+ Kh8 38. f6 dxe4 39. f7 e3+ 40. Ke2 1-0

[Event "52nd World Juniors 2013"]
[Site "Kocaeli TUR"]
[Date "2013.09.26"]
[Round "13.13"]
[White "Narayanan, Srinath"]
[Black "Bai, Jinshi"]
[Result "1/2-1/2"]
[WhiteTitle "IM"]
[WhiteElo "2483"]
[BlackElo "2419"]
[WhiteFideId "5018420"]
[BlackFideId "8602280"]
[EventDate "2013.09.13"]

1. e4 e5 2. Nf3 Nc6 3. Nc3 Nf6 4. d4 exd4 5. Nxd4 Bb4 6. Nxc6 bxc6 7. Bd3 O-O 8.
O-O d5 9. exd5 cxd5 10. h3 c6 11. Qf3 Re8 12. Bf4 Qe7 13. Ne2 Bd6 14. Rad1 Rb8
15. b3 c5 16. Bg5 Qe5 17. Bf4 Qe7 18. Bg5 Qe5 19. Bf4 Qe7 20. Bg5 1/2-1/2

[Event "52nd World Juniors 2013"]
[Site "Kocaeli TUR"]
[Date "2013.09.26"]
[Round "13.14"]
[White "Idani, Pouya"]
[Black "De Filomeno, Simone"]
[Result "1-0"]
[WhiteTitle "IM"]
[BlackTitle "FM"]
[WhiteElo "2480"]
[BlackElo "2392"]
[WhiteFideId "12510130"]
[BlackFideId "828688"]
[EventDate "2013.09.13"]

1. e4 c6 2. d4 d5 3. Nd2 dxe4 4. Nxe4 h6 5. Bc4 Bf5 6. Ng3 Bh7 7. Nf3 e6 8. Qe2
Nd7 9. O-O Ngf6 10. Ne5 Nxe5 11. dxe5 Nd7 12. b3 Qc7 13. Bb2 Be7 14. f4 b5 15.
Bd3 Bxd3 16. cxd3 Nb6 17. f5 O-O-O 18. a4 b4 19. fxe6 fxe6 20. Ne4 a5 21. Rfc1
Kb7 22. Rc2 Nd5 23. Rac1 Qb6+ 24. Kh1 Nf4 25. Qf3 Rhf8 26. Nd6+ Bxd6 27. Rxc6
Nd5 28. Rxb6+ Kxb6 29. Qg4 Rc8 30. Bd4+ Ka6 31. Rxc8 1-0

[Event "52nd World Juniors 2013"]
[Site "Kocaeli TUR"]
[Date "2013.09.26"]
[Round "13.15"]
[White "Pavlidis, Antonios"]
[Black "Muhammad, Luthfi Ali"]
[Result "1/2-1/2"]
[WhiteTitle "IM"]
[BlackTitle "CM"]
[WhiteElo "2471"]
[BlackElo "2277"]
[WhiteFideId "4212312"]
[BlackFideId "7103743"]
[EventDate "2013.09.13"]

1. e4 c5 2. Nf3 g6 3. d4 cxd4 4. Qxd4 Nf6 5. Nc3 Nc6 6. Qa4 d6 7. e5 Ng4 8. exd6
Qxd6 9. Nb5 Qb8 10. Bf4 e5 11. Bg3 Bg7 12. Qa3 Bf8 13. Qa4 Bg7 14. Qa3 Bf8 15.
Qa4 Bg7 16. Qa3 1/2-1/2

[Event "52nd World Juniors 2013"]
[Site "Kocaeli TUR"]
[Date "2013.09.26"]
[Round "13.16"]
[White "Martinez Romero, Martin"]
[Black "Petenyi, Tamas"]
[Result "1/2-1/2"]
[WhiteTitle "IM"]
[BlackTitle "IM"]
[WhiteElo "2404"]
[BlackElo "2468"]
[WhiteFideId "4404025"]
[BlackFideId "14909090"]
[EventDate "2013.09.13"]

1. e4 g6 2. d4 Bg7 3. Nf3 d6 4. Be2 Nf6 5. Nc3 c6 6. a4 O-O 7. O-O Qc7 8. Bg5 e5
9. Qd2 Bg4 10. dxe5 dxe5 11. Rfd1 Bxf3 12. Bxf3 Na6 13. Qd6 Rfd8 14. Qxc7 Nxc7
15. Be3 Rxd1+ 16. Rxd1 Ne6 17. Be2 Kf8 18. Bc4 Ke7 19. f3 Ne8 20. Bxe6 Kxe6 21.
a5 Nf6 22. Na4 Nd7 23. b4 Bf8 24. c3 Bd6 25. Kf1 a6 26. c4 Re8 27. Rb1 Rc8 28.
Ke2 Be7 29. Kd3 Rd8 30. Kc3 Rc8 31. Rd1 Rf8 32. Rb1 Rc8 33. Nb2 f5 34. Nd3 1/2-1/2

[Event "52nd World Juniors 2013"]
[Site "Kocaeli TUR"]
[Date "2013.09.26"]
[Round "13.17"]
[White "Laurusas, Tomas"]
[Black "Javakhadze, Zurab"]
[Result "1-0"]
[BlackTitle "IM"]
[WhiteElo "2398"]
[BlackElo "2457"]
[WhiteFideId "12803731"]
[BlackFideId "13603647"]
[EventDate "2013.09.13"]

1. d4 Nf6 2. c4 e6 3. Nf3 Bb4+ 4. Bd2 a5 5. a3 Bxd2+ 6. Qxd2 b6 7. e3 Bb7 8. Be2
d6 9. Nc3 Nbd7 10. Qc2 O-O 11. O-O e5 12. Rfd1 Qe7 13. d5 Ne8 14. e4 g6 15. b4
f5 16. Na4 fxe4 17. Qxe4 axb4 18. axb4 b5 19. cxb5 Rf4 20. Qe3 Rxb4 21. Nc3 Rxa1
22. Rxa1 Nef6 23. Ra7 Nc5 24. Qd2 Qf8 25. h3 Qb8 26. Ra3 Kg7 27. Qe3 Nce4 28.
Ng5 Nxg5 29. Qxg5 Rf4 30. Bf3 h6 31. Qg3 g5 32. Bg4 Bxd5 33. Nxd5 Nxd5 34. Qb3
Nf6 35. Ra6 Qb7 36. Rc6 Qa7 37. Qc2 Nd5 38. Be6 Qa1+ 39. Kh2 Qd4 40. Bxd5 Qxd5
41. Rxc7+ Rf7 42. b6 1-0

[Event "52nd World Juniors 2013"]
[Site "Kocaeli TUR"]
[Date "2013.09.26"]
[Round "13.18"]
[White "Georgiadis, Nico"]
[Black "Dastan, Muhammed Batuhan"]
[Result "1-0"]
[WhiteTitle "FM"]
[BlackTitle "IM"]
[WhiteElo "2396"]
[BlackElo "2455"]
[WhiteFideId "1300113"]
[BlackFideId "6300014"]
[EventDate "2013.09.13"]

1. e4 c5 2. Nf3 d6 3. d4 cxd4 4. Nxd4 Nf6 5. Nc3 a6 6. g3 e5 7. Nb3 Be7 8. Bg2
O-O 9. O-O Be6 10. a4 Nbd7 11. Re1 Rc8 12. Nd2 Rc5 13. Nf1 Qc7 14. Be3 Rc4 15.
h3 Nc5 16. Nd2 Rb4 17. b3 Rd8 18. Na2 Rxe4 19. Nxe4 Ncxe4 20. c4 d5 21. cxd5
Bxd5 22. Rc1 Qa5 23. Qc2 Bc6 24. Red1 Re8 25. Nc3 Nxc3 26. Qxc3 Bb4 27. Qc4 e4
28. Bc5 Bxc5 29. Qxc5 Qxc5 30. Rxc5 Kf8 31. Kf1 Rc8 32. Ke1 Ke7 33. Re5+ Kf8 34.
Rc5 Ke7 35. Rd4 Nd7 36. Ra5 e3 37. Bxc6 exf2+ 38. Kxf2 Rxc6 39. Rad5 Nf8 40. Rd3
g6 41. Ke2 h5 42. Kd2 Rb6 43. a5 Rf6 44. b4 Rf2+ 45. Kc3 Ra2 46. Rd8 Ra3+ 47.
Kc4 Rxd3 48. Rxd3 Nd7 49. Rd1 Ke6 50. b5 axb5+ 51. Kxb5 Ke7 52. h4 Kd8 53. a6 1-0

[Event "52nd World Juniors 2013"]
[Site "Kocaeli TUR"]
[Date "2013.09.26"]
[Round "13.20"]
[White "Gaehwiler, Gabriel"]
[Black "Velten, Paul"]
[Result "1-0"]
[BlackTitle "FM"]
[WhiteElo "2287"]
[BlackElo "2427"]
[WhiteFideId "1314530"]
[BlackFideId "681091"]
[EventDate "2013.09.13"]

1. Nf3 d5 2. c4 e6 3. d4 Nf6 4. g3 dxc4 5. Bg2 Nc6 6. Qa4 Bb4+ 7. Bd2 Bd6 8. O-O
O-O 9. Qxc4 e5 10. dxe5 Nxe5 11. Nxe5 Bxe5 12. Bc3 Re8 13. Bxe5 Rxe5 14. Nc3 c6
15. Rad1 Qe7 16. e4 Rh5 17. Qd4 Be6 18. e5 Nd7 19. f4 f6 20. Qd6 Qf7 21. Qc7 Nb6
22. Qxf7+ Bxf7 23. exf6 gxf6 24. f5 Kg7 25. h4 Re8 26. Bh3 Re3 27. Kf2 Re5 28.
Rde1 Nd5 29. Nxd5 Bxd5 30. Bg4 Rh6 31. b3 Kf8 32. Rxe5 fxe5 33. Re1 e4 34. Ke3
Rd6 35. Rd1 a5 36. Be2 b5 37. g4 Rd7 38. g5 Rb7 39. Kf4 a4 40. f6 Rb8 41. h5
axb3 42. axb3 Bxb3 43. Rd7 Bf7 44. g6 hxg6 45. h6 Kg8 46. h7+ Kxh7 47. Rxf7+ Kh6
48. Ra7 Rf8 49. Ke5 Re8+ 50. Re7 Rf8 51. Ke6 e3 52. Rc7 Rb8 53. Rxc6 b4 54. Rc1
b3 55. Rh1+ Kg5 56. f7 b2 57. Rb1 Kh6 58. Rxb2 Rc8 59. Rc2 Rb8 60. Rb2 Rc8 61.
Ba6 Ra8 62. Bb7 Rb8 63. Kf6 1-0

[Event "52nd World Juniors 2013"]
[Site "Kocaeli TUR"]
[Date "2013.09.26"]
[Round "13.21"]
[White "Sanal, Vahap"]
[Black "Kulkarni, Rakesh"]
[Result "1-0"]
[WhiteTitle "IM"]
[WhiteElo "2419"]
[BlackElo "2283"]
[WhiteFideId "6300545"]
[BlackFideId "5037077"]
[EventDate "2013.09.13"]

1. e4 c5 2. Nf3 e6 3. d4 cxd4 4. Nxd4 a6 5. Nc3 Qc7 6. Bd3 Nf6 7. f4 d6 8. Qf3
b5 9. Be3 Bb7 10. a3 Be7 11. g4 Nc6 12. Nxc6 Bxc6 13. O-O-O Nd7 14. g5 O-O-O 15.
Kb1 Qb7 16. Rhe1 Kb8 17. Qf1 Nc5 18. f5 Rc8 19. Qf4 e5 20. Qf2 f6 21. h4 Rhd8
22. Qg2 a5 23. Qe2 b4 24. axb4 axb4 25. Nd5 Bxd5 26. exd5 Nxd3 27. Rxd3 Rc4 28.
Rg1 Rxh4 29. Rg4 Rxg4 30. Qxg4 Kc7 31. Qh5 b3 32. Rxb3 Qxd5 33. Bb6+ Kd7 34.
Bxd8 Bxd8 35. Qxh7 Qf7 36. g6 Qc4 37. Qxg7+ Be7 38. Rb7+ Kc6 39. Qxe7 Qf1+ 40.
Ka2 Qc4+ 41. Ka3 Qc5+ 42. Rb4 Qe3+ 43. Ka2 1-0